| 000 -LEADER |
| fixed length control field |
00455cam a22001457a 4500 |
| 008 - FIXED-LENGTH DATA ELEMENTS--GENERAL INFORMATION |
| fixed length control field |
180718b1975 xxu||||| |||| 00| 0 eng d |
| 020 ## - INTERNATIONAL STANDARD BOOK NUMBER |
| International Standard Book Number |
0070167958 |
| 082 ## - DEWEY DECIMAL CLASSIFICATION NUMBER |
| Classification number |
W2000 D559 |
| 245 ## - TITLE STATEMENT |
| Title |
Metropolitan transportation planning |
| Statement of responsibility, etc. |
by John W. Dickey...[et.el.] |
| 260 ## - PUBLICATION, DISTRIBUTION, ETC. |
| Place of publication, distribution, etc. |
Washington |
| Name of publisher, distributor, etc. |
Scripta Book |
| Date of publication, distribution, etc. |
1975 |
| 300 ## - PHYSICAL DESCRIPTION |
| Extent |
xiii, 562p |
| 650 ## - SUBJECT ADDED ENTRY--TOPICAL TERM |
| Topical term or geographic name entry element |
Urban transportation -Mathematical models. |
| 650 ## - SUBJECT ADDED ENTRY--TOPICAL TERM |
| Topical term or geographic name entry element |
Urban transportation policy |
| 700 ## - ADDED ENTRY--PERSONAL NAME |
| Personal name |
Dickey, John W. |